| 000 | 00587nam a22002297a 4500 | ||
|---|---|---|---|
| 003 | UA-OsUOA | ||
| 001 | 40202 | ||
| 007 | ta | ||
| 008 | 20080602b un ||||| |||| 00| 0 ukr d | ||
| 100 | _aСічинський В. | ||
| 090 |
_a929.6 _bС41 |
||
| 942 | _cBK | ||
| 040 |
_aUA-OsUOA _bukr _cUA-OsUOA _dUA-OsUOA |
||
| 245 | _aУкраїнський тризуб і прапор | ||
| 300 | _a71 с. | ||
| 955 | _a1 | ||
| 041 | _aukr | ||
| 080 | _a929.6 | ||
| 260 |
_aВінніпег _c1953 |
||
| 650 | 7 |
_a9 Географія. Біографії. Історія _2UDC |
|
| 999 |
_c438709 _d438709 |
||